Sartre : la filosofía del hombre /

Na minha lista:
Detalhes bibliográficos
Autor principal: Martínez Contreras, Jorge (autor)
Outros Autores: González Aramburu, Francisco (traducción) (traducción)
Formato: Livro
Idioma:espanhol
Publicado em: México : Siglo XXI, 1980, c1980
Colecção:(Filosofía Siglo XXI)
Assuntos:
Tags: Adicionar Tag
Sem tags, seja o primeiro a adicionar uma tag!

MARC

LEADER 00000nam^a2200000^a^4500
001 000181871
005 20250521000000.0
009 20260310101946.896
020 |a 968-23-1015-6 
037 |a Acervo ITESO - Biblioteca 
041 |a ESP 
082 |a 128.  |b MAR 
100 |a Martínez Contreras, Jorge  |e (autor) 
245 1 0 |a Sartre :  |b la filosofía del hombre /  |c J. Martínez Contreras ; tr. por F. González Aramburo. 
264 4 |a México :  |b Siglo XXI,  |c 1980, c1980 
300 |a 467 p. 
336 |a texto  |b txt  |2 rdacontenido 
337 |a sin mediación  |b n  |2 rdamedio 
338 |a volumen  |b nc  |2 rdasoporte 
440 1 |a (Filosofía Siglo XXI) 
649 |a XX 
650 |a Filósofos Franceses 
650 |a Libertad 
650 |a Existencialismo 
650 |a Antropología Filosófica -  |x Tema Principal 
650 |a Filosofía Francesa 
650 |a Filosofía del Siglo XX 
650 |a Sartre, Jean-Paul -  |x Tema Principal 
700 |a González Aramburu, Francisco  |e (traducción) 
910 |a Fondo Armando Suárez Gómez 
920 |a Impresos - Libros 
930 |a Fondos Especiales 
905 |a 111 
901 |a 0700000617  |b IT2  |c ESP  |u 20250521 
902 |a https://opac.biblio.iteso.mx/vufind/Record/000181871